00664nam a22001935i 450000100060000000300090000600500170001500700030003200800410003504000140007610000270009024500670011725000580018426000380024230000270028085200210030799900170032895201250034548096ES-MaACL20230906161707.0t|941221s1879 gw ||||1| ger d aCAM bspa1 aCurtius, Georg.94225210aGrundzüge der griechischen Etymologie / cvon Georg Curtius. a5. unter Mitwirkung von Ernst Windisch umgearb. Aufl. aLeipzig : bB.G. Teubner, c1879. aXVI, 858 p. ; c26 cm. aES-MaACLjF-1227 c48096d48096 001040708LIBXIXaATENEOMbATENEOMcDEPO2d2008-01-17eSCl0oF-1227p1050620r2023-02-23 00:00:00w2023-02-23yMONANT